logo

Bir Sreshtho Munshi Abdur Rouf Library
Jhenaidah Cadet College

The autobiography of Andrew Carnegie / (Record no. 7042)

MARC details
000 -LEADER
fixed length control field 01089cam a22003374a 4500
001 - CONTROL NUMBER
JCCL Control Number 7042
003 - CONTROL NUMBER IDENTIFIER
JCCL marc code BD-JhCC
005 - DATE AND TIME OF LATEST TRANSACTION
control field 20180204121509.0
008 - FIXED-LENGTH DATA ELEMENTS--GENERAL INFORMATION
fixed length control field 110311s2011 nyua b 001 0aeng
020 ## - INTERNATIONAL STANDARD BOOK NUMBER
International Standard Book Number 9781610390804 (hc)
020 ## - INTERNATIONAL STANDARD BOOK NUMBER
International Standard Book Number 9781610390828 (pb)
020 ## - INTERNATIONAL STANDARD BOOK NUMBER
International Standard Book Number 9781610390811 (eb)
035 ## - SYSTEM CONTROL NUMBER
system control number (BD-JhCC)
040 ## - CATALOGING SOURCE
Original cataloging agency DLC
Transcribing agency DLC
Modifying agency DLC
041 ## - LANGUAGE CODE
Language code of Book eng
050 00 - LIBRARY OF CONGRESS CALL NUMBER
Classification number CT275.C3
Item number A3 2011
082 00 - DEWEY DECIMAL CLASSIFICATION NUMBER
Classification number 338.7/672092
-- B
DDC Edition number 23
Author mark and Year CAR 2011
100 1# - MAIN ENTRY--PERSONAL NAME
Personal name Carnegie, Andrew,
Dates associated with a name 1835-1919.
245 14 - TITLE STATEMENT
Title The autobiography of Andrew Carnegie /
Statement of responsibility, etc Andrew Carnegie ; with an introduction by Vartan Gregorian.
246 3# - VARYING FORM OF TITLE
Title proper/short title Andrew Carnegie
250 ## - EDITION STATEMENT
Edition statement 1st ed.
260 ## - PUBLICATION, DISTRIBUTION, ETC. (IMPRINT)
Place of publication, distribution, etc New York, NY :
Name of publisher, distributor, etc PublicAffairs,
Date of publication, distribution, etc 2011.
300 ## - PHYSICAL DESCRIPTION
Pagination xxiv, 385 p., [8] p. of plates :
Other physical details ill. ;
Dimensions 24 cm.
504 ## - BIBLIOGRAPHY, ETC. NOTE
Bibliography, etc Includes bibliographical references (p. [375]-376) and index.
600 10 - SUBJECT ADDED ENTRY--PERSONAL NAME
Personal name Carnegie, Andrew,
Dates associated with a name 1835-1919.
650 #0 - SUBJECT ADDED ENTRY--TOPICAL TERM
Topical term or geographic name as entry element Industrialists
Geographic subdivision United States
Form subdivision Biography.
650 #0 - SUBJECT ADDED ENTRY--TOPICAL TERM
Topical term or geographic name as entry element Philanthropists
Geographic subdivision United States
Form subdivision Biography.
700 1# - ADDED ENTRY--PERSONAL NAME
Personal name Gregorian, Vartan.
942 ## - ADDED ENTRY ELEMENTS (KOHA)
Source of classification or shelving scheme Dewey Decimal Classification
Koha item type Books
Holdings
Source of classification or shelving scheme Damaged status Not for loan Home library Current library Shelving location Date of accession Total Checkouts Full call number Barcode Date last seen Copy number Koha item type
Dewey Decimal Classification     JCC Rouf Library JCC Rouf Library General Stacks 02/04/2018   338.7/672092 CAR 2011 9041 02/04/2018 C-1 Books

JCC Library | Contacts | JCC Home

Last Update on 23 September 2017
Copyright @ 2017-2020 JCC Rouf Library
Rouf Library, Jhenidah Cadet College (JCC), Bangladesh